Rozhodovanie spotrebiteľa v segmente mobilného zdravotníctva diplomová práca

Salvato in:
Dettagli Bibliografici
Autore principale: Mocková, Hana
Ente Autore: Obchodná fakulta EU. Katedra marketingu
Altri autori: Klepochová, Dagmar, 1968-
Natura: Libro
Lingua:slovacco
Pubblicazione: Bratislava 2019
Tags: Aggiungi Tag
Nessun Tag, puoi essere il primo ad aggiungerne!!

MARC

LEADER 00000nbm a2200000 4500
001 0253909
005 20190704135241.8
041 0 |a slo 
044 |a SK 
245 1 0 |a Rozhodovanie spotrebiteľa v segmente mobilného zdravotníctva  |b diplomová práca  |c Hana Mocková ; školiteľ: Dagmar Klepochová 
264 1 |a Bratislava  |c 2019 
300 |a 77 s. 
100 1 |a Mocková, Hana 
700 1 |a Klepochová, Dagmar, 1968- 
710 2 |a Obchodná fakulta EU. Katedra marketingu